| 000 | 00713nam a2200193 a 4500 | ||
|---|---|---|---|
| 001 | 000040022 | ||
| 005 | 20201002033853.0 | ||
| 008 | 130802s2007 mx 000 0 spa d | ||
| 020 | _a9789703251223 | ||
| 040 |
_aDO-SdBNP _bspa _cBNPHU |
||
| 100 | 1 |
_aJiménez, Guillermo _966256 |
|
| 245 | 1 | 0 |
_aLa canción de la lluvia y la de los ojos oblicuos / _cGuillermo Jiménez ; introducción Antonio Saborit. |
| 260 |
_aMéxico : _bUniversidad Nacional Autónoma de México, _c2007. |
||
| 300 |
_a65 p. ; _c18 cm. |
||
| 490 | 1 |
_aRelato Licenciado Vidriera _v45 |
|
| 700 | 1 |
_aSaborit, Antonio _eintr. _966257 |
|
| 710 | 2 |
_aUniversidad Nacional Autónoma de México _942447 |
|
| 830 | 0 |
_aRelato Licenciado Vidriera _v45 _966234 |
|
| 999 |
_c39512 _d39512 |
||